Name the Rap Album By Cover - Statistics

General Stats
  • This quiz has been taken 52 times
  • The average score is 12 of 16
Answer Stats
Picture Answer % Correct
Rodeo
94%
good kid, m.A.A.d city
92%
My Beautiful Dark Twisted Fantasy
92%
Whole Lotta Red
90%
2001
85%
The Black Album
83%
Wolf
83%
Live. Love. ASAP
77%
MM..FOOD
77%
Stankonia
75%
Monster
73%
It Was Written
67%
Luv Is Rage 2
65%
Man on the Moon: The End of Day
65%
TA13OO
58%
Black on Both Sides
29%
No matching quizzes found
Score Distribution
Percent of People with Each Score
Percentile by Number Answered
Your Score History
You have not taken this quiz